00602nam a2200193 4500003000900000020001800009040002800027082001700055100002300072245007200095260003600167300002600203500002100229534004000250650003600290650002300326650002200349700003700371CO-ViMGA a9789681866778 aCO-ViMGAbspacCO-ViMGA04a808.02bC34c1 aChin, Beverly Ann.10aCómo hacer una gran investigación documental /cBerly Ann Chin. aMéxico:bLimusa Wiley,c2010. a120 p. :bil. ; 24 cm aContiene indice  tHow to write a great research paper14aInvestigación - Metodología14aLiteratura juvenil14aReportes escritos1 aPiña García, Rodolfo, coaut.